Enjeu du discours (L')-Lecture de Sartre (Record n. 65518)
[ formato base ]
| 000 -LEADER | |
|---|---|
| fixed length control field | 01320nam a2200301Ia 4500 |
| 001 - CONTROL NUMBER | |
| control field | 96285 |
| 003 - CONTROL NUMBER IDENTIFIER | |
| control field | IT-RoPAU |
| 008 - FIXED-LENGTH DATA ELEMENTS--GENERAL INFORMATION | |
| fixed length control field | 130308s9999 xx 000 0 und d |
| 040 ## - CATALOGING SOURCE | |
| Original cataloging agency | IT-RoPAU |
| 040 ## - CATALOGING SOURCE | |
| Transcribing agency | IT-RoPAU |
| 041 ## - LANGUAGE CODE | |
| Language code of text/sound track or separate title | FRANCESE |
| 999 ## - SYSTEM CONTROL NUMBERS (KOHA) | |
| Koha Dewey Subclass [OBSOLETE] | SI |
| 100 ## - MAIN ENTRY--PERSONAL NAME | |
| Personal name | Helbo Andrè |
| 100 ## - MAIN ENTRY--PERSONAL NAME | |
| Miscellaneous information | Codice Aut. SPICS: 5545 |
| 245 ## - TITLE STATEMENT | |
| Title | Enjeu du discours (L')-Lecture de Sartre |
| 245 ## - TITLE STATEMENT | |
| Remainder of title | Enjeu Du Discours (L')-Lecture de Sartre |
| 250 ## - EDITION STATEMENT | |
| Edition statement | 1a ed. |
| 260 ## - PUBLICATION, DISTRIBUTION, ETC. (IMPRINT) | |
| Place of publication, distribution, etc. | BRUXELLES |
| 260 ## - PUBLICATION, DISTRIBUTION, ETC. (IMPRINT) | |
| Name of publisher, distributor, etc. | Complexe |
| 260 ## - PUBLICATION, DISTRIBUTION, ETC. (IMPRINT) | |
| Date of publication, distribution, etc. | 1978 [1° Ed.:1978 - Ed.Ling.Originale:1978] |
| 300 ## - PHYSICAL DESCRIPTION | |
| Extent | "296 p. (prefazione: no ; testo: 296 [pagine: 0-0])" |
| 500 ## - GENERAL NOTE | |
| General note | Obiettivo e Campo d'inchiesta Semantica Pragmatica Senso Significato Enunciato Enunciazione dal Gioco Alla Comunicazione programma di Sartre Estetica Linguistica Tipologia dei Discorsi Locutore ed Enunciato Analisi Semica dell'Enunciato Assi Semantici referenza Presupposizione ritratto Come Situazione di Comunicazione Modello Retorico e Modello semantico Retorica dell'Enunciato Specificità del Romanzo Sartriano Bibliografia di Opere Semantiche e su Sartre indice delle principali Opere di Sartre indice selettivo dei Concetti Lettura di Sartre |
| 650 ## - SUBJECT ADDED ENTRY--TOPICAL TERM | |
| Topical term or geographic name as entry element | LINGUISTICA |
| 650 ## - SUBJECT ADDED ENTRY--TOPICAL TERM | |
| Relator term | Codice materia Spics: 3201 |
| 942 ## - ADDED ENTRY ELEMENTS (KOHA) | |
| Koha item type | LIBRO |
| 957 ## - | |
| -- | 1 |
| 999 ## - SYSTEM CONTROL NUMBERS (KOHA) | |
| -- | 1 |
| Withdrawn status | Lost status | Damaged status | Not for loan | Home library | Current library | Date acquired | Total Checkouts | Full call number | Date last seen | Price effective from | Koha item type | Public note |
|---|---|---|---|---|---|---|---|---|---|---|---|---|
| Buone Condizioni | Not For Loan | SPICS-MEDIATECA | SPICS-MEDIATECA | 08/03/2013 | 96285 | 08/03/2013 | 08/03/2013 | LIBRO | Progressivo inserimento: 2349 / N. Volumi: 1 Copie: 1 Copia Rara: SI / data import: 1 marzo 2013 - By Epidotti, Trombetti, Vaglietti. |